Statistics for 2022 FIFA World Cup Group F - Belgium - Morocco

Click here to take the quiz!

General Stats

  • This quiz has been taken 77 times
  • The average score is 21 of 34

Answer Stats

Player% Correct
Thibaut Courtois
97%
Kevin De Bruyne
93%
Achraf Hakimi
92%
Romelu Lukaku
92%
Eden Hazard
90%
Hakim Ziyech
90%
Thorgan Hazard
90%
Jan Vertonghen
84%
Axel Witsel
79%
Thomas Meunier
77%
Sofyan Amrabat
74%
Toby Alderweireld
74%
Romain Saïss
70%
Youssef En-Nesyri
70%
Michy Batshuayi
69%
Noussair Mazraoui
67%
Roberto Martínez
66%
Sofiane Boufal
66%
Nayef Aguerd
64%
Youri Tielemans
64%
Timothy Castagne
61%
Amadou Onana
56%
Dries Mertens
48%
Azzedine Ounahi
46%
Munir Mohamedi
44%
Leandro Trossard
41%
Selim Amallah
41%
Abdelhamid Sabiri ¹
38%
Walid Regragui
38%
Zakaria Aboukhlal ¹
36%
Jawad El Yamiq
34%
Abderrazak Hamdallah
31%
Yahia Attiyat Allah
30%
Charles De Ketelaere
28%

Score Distribution

Percentile by Number Answered

Percent of People with Each Score

Your Score History

You have not taken this quiz